=LDR 00000nam 2200000 4500 =001 INLIS000000000810356 =005 20251129015228 =035 ##$$a 0010-1125000210 =007 ta =008 251129###########################0###### =020 ##$$a 9786038060902 =082 ##$$a 297.23 =084 ##$$a 297.23 FAU i =245 ##$$a Ithaf Al Qori' bii Taqliq ala : $b Syarh Sunnah li barbahari /$c Syaikh Dr. Shalih Al-Fauzan =250 ##$$a Cet. 2 =260 ##$$a Saudi Arabia :$b Dar Ibnul Jauzi - Saudi,$c 1444 H =300 ##$$a 453 hlm ; $c 24 cm =520 ##$$a Aqidah Ahlus Sunnah / Ushul Iman / Manhaj